| 000 | 01500nam a2200265 4500 | ||
|---|---|---|---|
| 001 | 0000076100 | ||
| 005 | 20250329165434.0 | ||
| 008 | 190415s2019 000 0 eng d | ||
| 040 |
_aCO-CtgCURN _bspa _ccoctgcurn |
||
| 082 | 0 |
_aENF 2019 _bA189 |
|
| 100 | 1 | _aAcuña Ariza, Zully Saday. | |
| 245 | 1 | 0 |
_aAplicación del codigo deontologico de enfermeria por los estudiantes de tres universidades de cartagena de indias 2018. / _cAngie Alvarez Quintana; Mery Jane Cañate Arrieta; Paula Cordero Lopez. |
| 260 |
_aCartagena de Indias : _bCorporación Universitaria Rafael Núñez, _c2019. |
||
| 504 | _aTrabajo de grado (Enfermeria). Corporación Universitaria Rafael Nuñez. Facultad de Ciencias de la salud. Enfermeria, 2019. | ||
| 520 | _aEl acto de cuidar implica realizar actividades de orden t cnico y establecer relaciones terap uticas, en stas la tica y la aplicación de acciones de orden deontológico cobran especial relevancia. | ||
| 650 | 0 |
_aEnfermeria _vTesis y disertaciones academicas. |
|
| 700 | 1 | _vAlvarez Quintana Angy. | |
| 700 | 1 | _aAcuña Ariza , Zully Saday. | |
| 700 | 1 | _aCañate Arrieta Mery. | |
| 700 | 1 | _aCordero Lopez Paula. | |
| 700 | 1 |
_aBarrios Puerta Zorayda _vAsesor. |
|
| 856 |
_uhttps://unicurn.sharepoint.com/:b:/s/biblioteca/EfhcdduBsLhPstVV50W6xzIBEy7xFe-geW_FlI8qpfefSw?e=MGwS5B _zClick aqui para ver el recurso en texto completo |
||
| 942 |
_2ddc _cTG _cTG _hENF 2019 _iA189 |
||
| 999 |
_c4011 _d4011 |
||